|
|
|
|
| LEADER |
00827naa a2200193 i 4500 |
| 001 |
acta57010 |
| 005 |
20260224081030.0 |
| 008 |
190206s2019 hu o 100 eng d |
| 024 |
7 |
|
|a 10.14232/syrptbrs.2019.op4
|2 doi
|
| 040 |
|
|
|a SZTE Egyetemi Kiadványok Repozitórium
|b hun
|
| 041 |
|
|
|a eng
|
| 100 |
1 |
|
|a Sabir Fakhara
|
| 245 |
1 |
0 |
|a Exploiting potential of intranasal delivery of lipid nanoformulation for targeting glioblastoma
|h [elektronikus dokumentum] /
|c Sabir Fakhara
|
| 260 |
|
|
|c 2019
|
| 300 |
|
|
|a 7
|
| 490 |
0 |
|
|a Symposium of Young Researchers on Pharmaceutical Technology, Biotechnology and Regulatory Science
|
| 695 |
|
|
|a Gyógyszerészet - előadáskivonat, Gyógyszertechnológia - előadáskivonat
|
| 700 |
0 |
1 |
|a Csóka Ildikó
|e aut
|
| 856 |
4 |
0 |
|u http://acta.bibl.u-szeged.hu/57010/1/syrptbrs_2019_007.pdf
|z Dokumentum-elérés
|